000 00465nam a2200181Ia 4500
005 20250923144538.0
008 008 250917s9999 xx 000 0 eng d
037 _aTextual
040 _aDSWL
_beng
_cDSWL
041 _aeng
_2eng
084 _qDSWL
100 _aNevill, H.R.
_9825967
245 0 _aBijnor
_cby H.R. Nevill
260 _aLucknow
_bGovt Branch Press
_c1928
490 _v vol-XIV
942 _cTEXL
999 _c1440274
_d1440274